| 000 | 01202nam a2200229Ia 4500 | ||
|---|---|---|---|
| 003 | Ost | ||
| 005 | 20260507075501.0 | ||
| 008 | 260507s9999||||xx |||||||||||||| ||und|| | ||
| 020 | _a9961004140 | ||
| 040 | _cfsecg | ||
| 041 | _aara | ||
| 082 | _a332.4 | ||
| 100 |
_aهني، أحمد _eمؤلف |
||
| 245 | 0 |
_aالعملة والنقود / _c أحمد هني |
|
| 250 | _aطبعة 2 | ||
| 260 |
_aالجزائر: _bديوان المطبوعات الجامعية, _c2006 |
||
| 300 |
_a177 صفحة؛ _bإيضاحات ؛ _c22 سم |
||
| 520 | _aالعملة والقرض،تعريف العملة وإحداث الدخل،من العملة المعدنية إلى العملة الورقية،العملة الورقية الكتابية،العملة والقرض،كتلة العملة والأجزاء المقابلة لها،مراقبة كتلة العملة،السياسة في إحداث العملة،التوازن في سوق العملة،إكتشاف أهمية مبلغ كتلة العملة،ترابط كمية النقود بحركة الأسعار،نظام العملة في الجزائر | ||
| 653 | _aالنقود | ||
| 653 | _aسلة العملات | ||
| 942 | _cكتاب | ||
| 999 |
_c44693 _d44693 |
||